|
|
|
|
| LEADER |
01388nam a22003134a 4500 |
| 001 |
43618 |
| 003 |
BD-DhAAL |
| 005 |
20241029111416.0 |
| 008 |
241029t2002 maua b 001 0 eng d |
| 010 |
|
|
|a 2001030553
|
| 020 |
|
|
|a 0072400536 (pbk. : alk. paper)
|
| 020 |
|
|
|a 0072475110 (annotated instructor's ed. : alk. paper)
|
| 040 |
|
|
|a DLC
|c DLC
|d DLC
|d BD-DhAAL
|
| 042 |
|
|
|a pcc
|
| 050 |
0 |
0 |
|a PN4121
|b .G716 2002
|
| 082 |
0 |
0 |
|a 808.51
|2 21
|
| 100 |
1 |
|
|a Gregory, Hamilton.
|9 57069
|
| 245 |
1 |
0 |
|a Public speaking for college and career /
|c Hamilton Gregory.
|
| 250 |
|
|
|a Sixth edition.
|
| 260 |
|
|
|a Boston :
|b McGraw-Hill,
|c c2002.
|
| 300 |
|
|
|a xl, 484 pages :
|b illustrations (some colors) ;
|c 26 cm. +
|e 1 computer optical disc (4 3/4 in.)
|
| 504 |
|
|
|a Includes bibliographical references and index.
|
| 538 |
|
|
|a System requirements for accompanying computer disc: Windows 95/98/2000/ME or NT 4.0 ; Macintosh operating system 7.5 or higher.
|
| 541 |
|
|
|a Donation from the Asia Foundation/Savar Campus Library
|e 43618
|
| 650 |
|
0 |
|a Public speaking.
|
| 852 |
|
|
|a Ayesha Abed Library
|
| 942 |
|
|
|2 ddc
|c BK
|
| 999 |
|
|
|c 47072
|d 47072
|
| 952 |
|
|
|0 0
|1 0
|2 ddc
|4 0
|6 808_510000000000000_GRE
|7 0
|9 76834
|a SCL
|b SCL
|c GEN
|d 2024-10-29
|e Donation from the Asia Foundation/Savar Campus Library
|l 0
|o 808.51 GRE
|p 3020043618
|r 2024-10-29
|t 1
|w 2024-10-29
|y BK
|x Donation from the Asia Foundation/Savar Campus Library
|